00626 2200229 4500001002100000005001500021035002000036245006600056100001400122260003400136300003000170008004100200020001800241082000800259084001400267250000600281650002900287650003200316700002800348990000900376990001100385INLIS00000000000128920240314103734 a0010-10190004931 aCahaya Cinta Pesantren /cIra Madan ; Endang Suryana (Editor) aIra Madan aSolo :bTiga Serangkai,c2015 axx ; 292 Halaman ;c20 CM240314 0 ind  a9786022579281 a813 a813 IRA c a1 4aFiksi Indonesia -- Novel 4aIndonesian Fiction -- Novel0 aEndang Suryana (Editor) a3121 a107/22